[Event "Israel Talents"]
[Site "Ramat Gan"]
[Date "2021.04.25"]
[Round "1"]
[White "Yaniv, Yuval"]
[Black "Cohen Revivo, Shoham"]
[Result "1-0"]
[WhiteElo "2274"]
[BlackElo "2158"]
[PlyCount "99"]
[EventDate "2021.04.25"]
[EventType "tourn"]
[EventRounds "7"]
[EventCountry "ISR"]
[SourceTitle "EXT 2022"]
[Source "ChessBase"]
[SourceDate "2021.10.06"]
[SourceVersion "1"]
[SourceVersionDate "2021.10.06"]
[SourceQuality "1"]

1. e4 e6 2. d4 d5 3. Nd2 c5 4. Ngf3 cxd4 5. Nxd4 Nc6 6. Bb5 Bd7 7. Nxc6 bxc6 8. Bd3 Qc7 9. Qe2 Ne7 10. g3 e5 11. 0-0 g6 12. c4 Bg7 13. cxd5 cxd5 14. exd5 0-0 15. Bc4 Nf5 16. b3 e4 17. Nxe4 Nd4 18. Qd3 Bg4 19. Bf4 Qd7 20. Rae1 Nf3+ 21. Kh1 Nxe1 22. Rxe1 Bf5 23. Bb5 Bxe4+ 24. Rxe4 Qf5 25. Re7 Qxd3 26. Bxd3 Rfd8 27. Bc4 Bf8 28. Rb7 Bd6 29. Bg5 Rf8 30. Rd7 f6 31. Bh6 Rfd8 32. Rg7+ Kh8 33. Rf7 Bf8 34. Be3 a5 35. Bb6 Re8 36. Rxf6 Bg7 37. Rf7 Re1+ 38. Kg2 Rd1 39. a4 Bd4 40. Bc7 Rd2 41. d6 Be5 42. Re7 Bxd6 43. Rd7 Bxg3 44. Bxa5 Rxd7 45. Bc3+ Rg7 46. hxg3 h5 47. a5 Kh7 48. Bxg7 Kxg7 49. a6 Rd8 50. b4 1-0

[Event "Petah Tikva Elitzur IM-B"]
[Site "Petah Tikva"]
[Date "2020.08.27"]
[Round "8"]
[White "Kochavi, Ori"]
[Black "Cohen Revivo, Shoham"]
[Result "1/2-1/2"]
[WhiteElo "2291"]
[BlackElo "2192"]
[PlyCount "21"]
[EventDate "2020.07.20"]
[EventType "tourn"]
[EventRounds "9"]
[EventCountry "ISR"]
[EventCategory "3"]
[SourceTitle "EXT 2021"]
[Source "ChessBase"]
[SourceDate "2020.10.23"]
[SourceVersion "1"]
[SourceVersionDate "2020.10.23"]
[SourceQuality "1"]

1. e4 e6 2. d4 d5 3. Nc3 Nf6 4. e5 Nfd7 5. f4 c5 6. Nf3 Nc6 7. Be3 Qb6 8. Na4 Qa5+ 9. Nc3 Qb6 10. Na4 Qa5+ 11. Nc3 1/2-1/2

[Event "Boudiba Memorial"]
[Site "chess24.com INT"]
[Date "2020.06.14"]
[Round "6"]
[White "Bellahcene, Bilel"]
[Black "Cohen Revivo, Shoham"]
[Result "1-0"]
[WhiteElo "2501"]
[BlackElo "2221"]
[PlyCount "65"]
[EventDate "2020.06.14"]
[EventType "tourn (blitz)"]
[EventRounds "15"]
[EventCountry "ALG"]
[EventCategory "5"]
[SourceTitle "CBM 196 Extra"]
[Source "ChessBase"]
[SourceDate "2020.07.31"]
[SourceVersion "1"]
[SourceVersionDate "2020.07.31"]
[SourceQuality "1"]

1. d4 Nf6 2. Bf4 d5 3. e3 e6 4. Nf3 c5 5. c3 Nc6 6. Nbd2 Be7 7. Bd3 0-0 8. h3 Bd6 9. Bxd6 Qxd6 10. dxc5 Qxc5 11. 0-0 e5 12. e4 dxe4 13. Nxe4 Nxe4 14. Bxe4 h6 15. Re1 Re8 16. Rc1 a5 17. Qd5 Qxd5 18. Bxd5 Be6 19. Bxc6 bxc6 20. Nxe5 c5 21. c4 a4 22. Nd3 Rec8 23. Re5 Rab8 24. Rc3 g6 25. b3 axb3 26. axb3 Bf5 27. Rxc5 Rd8 28. Nf4 Rd1+ 29. Kh2 Rd2 30. Kg3 g5 31. Rxf5 gxf4+ 32. Rxf4 Rxf2 33. Rxf2 1-0

[Event "Boudiba Memorial"]
[Site "chess24.com INT"]
[Date "2020.06.14"]
[Round "9"]
[White "Cohen Revivo, Shoham"]
[Black "Abergel, Thal"]
[Result "0-1"]
[WhiteElo "2221"]
[BlackElo "2460"]
[PlyCount "58"]
[EventDate "2020.06.14"]
[EventType "tourn (blitz)"]
[EventRounds "15"]
[EventCountry "ALG"]
[EventCategory "5"]
[SourceTitle "CBM 196 Extra"]
[Source "ChessBase"]
[SourceDate "2020.07.31"]
[SourceVersion "1"]
[SourceVersionDate "2020.07.31"]
[SourceQuality "1"]

1. d4 g6 2. e4 Bg7 3. Nc3 d6 4. Bg5 a6 5. a4 Nc6 6. Nf3 Bg4 7. d5 Nd4 8. Be3 c5 9. dxc6 Bxf3 10. gxf3 Nxc6 11. Bc4 Nf6 12. Qd2 Rc8 13. Be2 Ne5 14. f4 Nc4 15. Bxc4 Rxc4 16. Qd3 Qc8 17. f3 0-0 18. h4 Nh5 19. Nd5 Rc7 20. Nxc7 Qxc7 21. c3 d5 22. exd5 Nxf4 23. Bxf4 Qxf4 24. Qe4 Qg3+ 25. Ke2 Qg2+ 26. Kd3 Rd8 27. Qxe7 Qxf3+ 28. Kc4 Qxd5+ 29. Kb4 Bf8 0-1

[Event "Boudiba Memorial"]
[Site "chess24.com INT"]
[Date "2020.06.14"]
[Round "13"]
[White "Cohen Revivo, Shoham"]
[Black "Shchekachev, Andrei"]
[Result "0-1"]
[WhiteElo "2221"]
[BlackElo "2533"]
[PlyCount "90"]
[EventDate "2020.06.14"]
[EventType "tourn (blitz)"]
[EventRounds "15"]
[EventCountry "ALG"]
[EventCategory "5"]
[SourceTitle "CBM 196 Extra"]
[Source "ChessBase"]
[SourceDate "2020.07.31"]
[SourceVersion "1"]
[SourceVersionDate "2020.07.31"]
[SourceQuality "1"]

1. e4 c5 2. Nf3 e6 3. Nc3 a6 4. d4 cxd4 5. Nxd4 d6 6. Be2 Nf6 7. g4 h6 8. Be3 Nc6 9. Qd2 Nxd4 10. Qxd4 e5 11. Qd1 Be6 12. Bf3 Rc8 13. h4 Be7 14. Rg1 Qd7 15. g5 hxg5 16. hxg5 Ng4 17. Bxg4 Bxg4 18. f3 Be6 19. Qd2 Rh3 20. Qg2 g6 21. Rh1 Kf8 22. Rxh3 Bxh3 23. Qd2 Be6 24. 0-0-0 Kg7 25. Rh1 Rh8 26. Rxh8 Kxh8 27. f4 Kg8 28. Qh2 Qc7 29. f5 gxf5 30. exf5 Bxf5 31. Nd5 Qd8 32. Qh6 Bg6 33. Bb6 Qf8 34. Qh4 Qe8 35. Be3 Bd8 36. Qg4 Qe6 37. Qf3 Qf5 38. Qxf5 Bxf5 39. Kd2 Kg7 40. c4 Kg6 41. b4 Bxg5 42. Bxg5 Kxg5 43. a4 Be6 44. Kd3 Bxd5 45. cxd5 b5 0-1

[Event "Petah Tikva Winter IM-A"]
[Site "Petah Tikva"]
[Date "2020.02.03"]
[Round "3"]
[White "Aizenberg, Benny"]
[Black "Cohen Revivo, Shoham"]
[Result "1/2-1/2"]
[WhiteElo "2215"]
[BlackElo "2256"]
[PlyCount "90"]
[EventDate "2020.01.26"]
[EventType "tourn"]
[EventRounds "9"]
[EventCountry "ISR"]
[EventCategory "3"]
[SourceTitle "CBM 195 Extra"]
[Source "ChessBase"]
[SourceDate "2020.05.31"]
[SourceVersion "1"]
[SourceVersionDate "2020.05.31"]
[SourceQuality "1"]

1. e4 c5 2. Nf3 Nc6 3. d4 cxd4 4. Nxd4 Nf6 5. Nc3 d6 6. Bg5 e6 7. Qd2 Be7 8. 0-0-0 a6 9. f4 Bd7 10. Be2 h6 11. Bh4 Rc8 12. Bf3 b5 13. Rhe1 Nxd4 14. Qxd4 Rc4 15. Qd3 Qc7 16. Bxf6 Bxf6 17. Qxd6 Bxc3 18. bxc3 Rxc3 19. Qxc7 Rxc7 20. Rd6 Bc6 21. Re3 Ke7 22. e5 Bxf3 23. Rxf3 Rhc8 24. Rf2 Rc6 25. Rfd2 R8c7 26. g3 g5 27. R6d4 Rc4 28. fxg5 hxg5 29. h4 gxh4 30. gxh4 Rxd4 31. Rxd4 Rc5 32. Re4 Rc3 33. a4 bxa4 34. Rxa4 Re3 35. Ra5 Re4 36. Kd2 Rxh4 37. Rxa6 Rd4+ 38. Ke3 Rd5 39. Ra7+ Kf8 40. Ke4 Rc5 41. Ra2 Ke7 42. Kd4 Rd5+ 43. Ke4 Rd1 44. c4 f5+ 45. exf6+ Kxf6 1/2-1/2

[Event "World ol U16"]
[Site "Corum"]
[Date "2019.11.03"]
[Round "6.4"]
[White "Cohen Revivo, Shoham"]
[Black "Berdnyk, Mariia"]
[Result "1-0"]
[WhiteElo "2295"]
[BlackElo "2349"]
[PlyCount "113"]
[EventDate "2019.10.29"]
[EventType "team-swiss"]
[EventRounds "9"]
[EventCountry "TUR"]
[SourceTitle "CBM 192 Extra"]
[Source "Chessbase"]
[SourceDate "2019.11.06"]
[SourceVersion "1"]
[SourceVersionDate "2019.11.06"]
[SourceQuality "1"]
[WhiteTeam "Israel"]
[BlackTeam "Ukraine"]
[WhiteTeamCountry "ISR"]
[BlackTeamCountry "UKR"]

1. Nf3 Nf6 2. b3 g6 3. Bb2 Bg7 4. g3 d6 5. Bg2 0-0 6. 0-0 c5 7. c4 e5 8. Nc3 Nc6 9. e3 Bf5 10. d3 Qd7 11. Re1 Rfe8 12. Qe2 a6 13. Rad1 Rab8 14. Nd2 Bg4 15. f3 Be6 16. Nde4 h6 17. Nxf6+ Bxf6 18. Nd5 Bxd5 19. cxd5 Ne7 20. f4 Bg7 21. Qf1 exf4 22. Bxg7 Kxg7 23. gxf4 Qg4 24. Qf3 Qxf3 25. Bxf3 Nf5 26. Kf2 g5 27. Be4 Nh4 28. Kg3 f5 29. Bf3 Ng6 30. Bh5 Re7 31. Bxg6 Kxg6 32. Rd2 gxf4+ 33. Kxf4 Kf6 34. Rg2 Rbe8 35. Reg1 Rxe3 36. Rg6+ Kf7 37. Rg7+ Kf8 38. Rg8+ Kf7 39. R1g7+ Kf6 40. Rxe8 Rxe8 41. Rd7 Re2 42. Rxd6+ Ke7 43. Rxh6 Rxa2 44. d6+ Kd7 45. Ke5 Kc6 46. Kxf5 b5 47. h4 a5 48. h5 a4 49. bxa4 bxa4 50. d7+ Kxd7 51. Ra6 a3 52. h6 Rf2+ 53. Ke5 Rh2 54. h7 Kc7 55. Ra8 a2 56. Rxa2 Rh3 57. Ra8 1-0

[Event "World ol U16"]
[Site "Corum"]
[Date "2019.11.01"]
[Round "5.2"]
[White "Suleymanli, Aydin Elshan"]
[Black "Cohen Revivo, Shoham"]
[Result "1-0"]
[WhiteElo "2426"]
[BlackElo "2295"]
[PlyCount "67"]
[EventDate "2019.10.29"]
[EventType "team-swiss"]
[EventRounds "9"]
[EventCountry "TUR"]
[SourceTitle "CBM 192 Extra"]
[Source "Chessbase"]
[SourceDate "2019.11.06"]
[SourceVersion "1"]
[SourceVersionDate "2019.11.06"]
[SourceQuality "1"]
[WhiteTeam "Azerbaijan"]
[BlackTeam "Israel"]
[WhiteTeamCountry "AZE"]
[BlackTeamCountry "ISR"]

1. d4 Nf6 2. c4 c5 3. d5 b5 4. cxb5 a6 5. b6 d6 6. Nc3 Nbd7 7. a4 Qxb6 8. Nf3 g6 9. e4 Bg7 10. Be2 a5 11. Nd2 Ba6 12. Nb5 0-0 13. 0-0 Rfb8 14. Ra3 Qd8 15. Rh3 Ne8 16. Nb1 Nc7 17. N1a3 Nxb5 18. Nxb5 Nb6 19. b3 Bc8 20. Rg3 f5 21. exf5 Bxf5 22. Bg5 Qd7 23. Re3 e6 24. dxe6 Bxe6 25. Qxd6 Qxd6 26. Nxd6 Bd5 27. Rd3 Bc6 28. Rc1 Nd5 29. Rxc5 Nb4 30. Rd1 h6 31. Bd2 Bd7 32. Bc4+ Kh7 33. Rc7 Bg4 34. Bc3 1-0

[Event "World ol U16"]
[Site "Corum"]
[Date "2019.10.30"]
[Round "3.3"]
[White "Kilic, Eray"]
[Black "Cohen Revivo, Shoham"]
[Result "0-1"]
[WhiteElo "2001"]
[BlackElo "2295"]
[PlyCount "114"]
[EventDate "2019.10.29"]
[EventType "team-swiss"]
[EventRounds "9"]
[EventCountry "TUR"]
[SourceTitle "CBM 192 Extra"]
[Source "Chessbase"]
[SourceDate "2019.11.06"]
[SourceVersion "1"]
[SourceVersionDate "2019.11.06"]
[SourceQuality "1"]
[WhiteTeam "Turkey Turquaz"]
[BlackTeam "Israel"]
[WhiteTeamCountry "TUR"]
[BlackTeamCountry "ISR"]

1. Nf3 Nf6 2. c4 c5 3. Nc3 Nc6 4. g3 e5 5. d3 d5 6. cxd5 Nxd5 7. Nxd5 Qxd5 8. Bg2 Be7 9. 0-0 0-0 10. Be3 Qe6 11. a3 Nd4 12. Nxd4 cxd4 13. Bd2 Qb6 14. b4 Be6 15. Rc1 Rac8 16. Qa4 f6 17. b5 Rxc1 18. Rxc1 Rc8 19. Rxc8+ Bxc8 20. Bd5+ Kf8 21. Qb3 Bd7 22. a4 Qc7 23. a5 Qc5 24. b6 axb6 25. axb6 Bc6 26. Bg8 Be8 27. Bd5 Bc6 28. Bg8 Ke8 29. e4 dxe3 30. Bxe3 Qb4 31. Qxb4 Bxb4 32. Bxh7 Kd7 33. d4 exd4 34. Bxd4 Kd6 35. h4 Bc5 36. Bb2 Bf3 37. Bf5 Kc6 38. g4 Kxb6 39. g5 fxg5 40. hxg5 Bf8 41. Kh2 Kb5 42. Kg3 Bd5 43. f4 Kc4 44. Bd7 b5 45. f5 b4 46. Be6 Bxe6 47. fxe6 g6 48. Bf6 b3 49. Kf3 Kd3 50. Bg7 Bc5 51. Be5 Kc2 52. Ke4 b2 53. Kd5 Be7 54. Bf6 Bxf6 55. gxf6 b1Q 56. Kd6 Qb4+ 57. Kd7 Qf8 0-1

[Event "EU-ch U16"]
[Site "Bratislava"]
[Date "2019.08.06"]
[Round "5"]
[White "Marn, Jan"]
[Black "Cohen Revivo, Shoham"]
[Result "0-1"]
[WhiteElo "2162"]
[BlackElo "2277"]
[PlyCount "64"]
[EventDate "2019.08.02"]
[EventType "swiss"]
[EventRounds "9"]
[EventCountry "SVK"]
[SourceTitle "CBM 191 Extra"]
[Source "ChessBase"]
[SourceDate "2019.09.30"]
[SourceVersion "1"]
[SourceVersionDate "2019.09.30"]
[SourceQuality "1"]

1. d4 d5 2. c4 c6 3. cxd5 cxd5 4. Nc3 Nf6 5. Bf4 Nc6 6. e3 Bg4 7. f3 Bf5 8. Qb3 Na5 9. Qa4+ Bd7 10. Qc2 e6 11. Bd3 Rc8 12. Nge2 Be7 13. b3 b5 14. Qb2 b4 15. Nd1 0-0 16. g4 Qb6 17. h4 Bb5 18. Bb1 Bd6 19. g5 Nh5 20. Bxd6 Qxd6 21. f4 g6 22. Rh3 Nc6 23. Nf2 Bxe2 24. Kxe2 Nxf4+ 25. exf4 Qxf4 26. Qd2 Nxd4+ 27. Kd1 Rc1+ 28. Kxc1 Ne2+ 29. Kd1 Qxf2 30. Re3 Qg1+ 31. Kc2 Nc3 32. Kb2 Nd1+ 0-1

[Event "Netanya op"]
[Site "Netanya"]
[Date "2019.06.28"]
[Round "6"]
[White "Cohen Revivo, Shoham"]
[Black "Flom, Gabriel"]
[Result "0-1"]
[WhiteElo "2240"]
[BlackElo "2480"]
[PlyCount "104"]
[EventDate "2019.06.23"]
[EventType "swiss"]
[EventRounds "9"]
[EventCountry "ISR"]
[SourceTitle "CBM 191 Extra"]
[Source "ChessBase"]
[SourceDate "2019.09.30"]
[SourceVersion "1"]
[SourceVersionDate "2019.09.30"]
[SourceQuality "1"]

1. e4 c5 2. Nf3 b6 3. d4 cxd4 4. Nxd4 Bb7 5. Nc3 e6 6. Be3 a6 7. Be2 Qc7 8. 0-0 Nf6 9. f3 Be7 10. Qd2 d6 11. a4 0-0 12. Rad1 Nbd7 13. g4 h6 14. Bf2 d5 15. exd5 Nxd5 16. Nxd5 Bxd5 17. c4 Bg5 18. Be3 Bxe3+ 19. Qxe3 Bb7 20. b3 Rad8 21. Rd2 Ne5 22. Rfd1 Ng6 23. Bd3 Nh4 24. Be4 Bxe4 25. Qxe4 Qc5 26. Kf1 Rd6 27. Nc2 f5 28. gxf5 Rxd2 29. Rxd2 Nxf3 30. Qxe6+ Kh8 31. Rf2 Nxh2+ 32. Kg2 Ng4 33. Rf4 Nf6 34. Rh4 Kh7 35. Nd4 Qa3 36. Nf3 Qxb3 37. Qe7 Qc2+ 38. Kg1 Qxf5 39. Qxf8 Qxf3 40. Rh2 Qd1+ 41. Kg2 Qc2+ 42. Kg1 Qb1+ 43. Kg2 Ng4 44. Rh3 Qc2+ 45. Kg3 Nf6 46. Rh4 Qxa4 47. Rd4 Qb3+ 48. Kf4 a5 49. Qc8 g5+ 50. Ke5 Qe3+ 51. Kxf6 Qxd4+ 52. Kf7 Qg7+ 0-1

[Event "World ol U16"]
[Site "Konya"]
[Date "2018.11.28"]
[Round "5.9"]
[White "Cohen Revivo, Shoham"]
[Black "Ceres, Dragos"]
[Result "0-1"]
[WhiteElo "2299"]
[BlackElo "2324"]
[PlyCount "88"]
[EventDate "2018.11.25"]
[EventType "team-swiss"]
[EventRounds "9"]
[EventCountry "TUR"]
[SourceTitle "CBM 187 Extra"]
[Source "ChessBase"]
[SourceDate "2018.11.04"]
[SourceVersion "1"]
[SourceVersionDate "2018.11.04"]
[SourceQuality "1"]
[WhiteTeam "Israel"]
[BlackTeam "Moldova"]
[WhiteTeamCountry "ISR"]
[BlackTeamCountry "MDA"]

1. e4 e6 2. d4 d5 3. e5 c5 4. c3 Nc6 5. Nf3 Bd7 6. Be2 Nge7 7. 0-0 Ng6 8. g3 Be7 9. h4 cxd4 10. cxd4 0-0 11. h5 Nh8 12. Nc3 f5 13. exf6 Bxf6 14. Be3 Nf7 15. Qd2 Nd6 16. g4 Be8 17. Rad1 a6 18. Ne1 b5 19. a3 Nc4 20. Bxc4 bxc4 21. f4 g6 22. hxg6 Bxg6 23. Nf3 Kh8 24. Qh2 Rb8 25. Rf2 Rg8 26. Kh1 Rb3 27. Ne5 Nxe5 28. dxe5 Rxc3 29. bxc3 Be4+ 30. Kg1 Rxg4+ 31. Kf1 Bh4 32. Rb2 Qf8 33. Qe2 Rxf4+ 34. Bxf4 Qxf4+ 35. Kg1 Qg3+ 36. Qg2 Bxg2 37. Rxg2 Qxe5 38. Rf1 Bg5 39. Rf8+ Kg7 40. Rf3 h6 41. Rb2 Qe4 42. Rb7+ Kg6 43. Rff7 Qe3+ 44. Kf1 Qxc3 0-1

[Event "Wch U14"]
[Site "Porto Carras"]
[Date "2018.10.23"]
[Round "5"]
[White "Cohen Revivo, Shoham"]
[Black "Runets, Ivan"]
[Result "0-1"]
[WhiteElo "2289"]
[BlackElo "2047"]
[PlyCount "100"]
[EventDate "2018.10.20"]
[EventType "swiss"]
[EventRounds "11"]
[EventCountry "GRE"]
[SourceTitle "CBM 187 Extra"]
[Source "ChessBase"]
[SourceDate "2018.11.04"]
[SourceVersion "1"]
[SourceVersionDate "2018.11.04"]
[SourceQuality "1"]

1. e4 c5 2. Nf3 e6 3. Qe2 d6 4. g3 b6 5. Bg2 Bb7 6. 0-0 Nf6 7. d3 Be7 8. Nbd2 0-0 9. b3 Nc6 10. Bb2 Qc7 11. Rfe1 Rfd8 12. Nf1 b5 13. Ne3 Nd7 14. c3 b4 15. cxb4 Nxb4 16. a3 Nc6 17. Qc2 Rac8 18. Rac1 Qb8 19. Qd1 Nde5 20. Nc4 Ba6 21. Rb1 Rd7 22. Bf1 Bf6 23. Nfd2 Rb7 24. f4 Nxc4 25. dxc4 Bxb2 26. Rxb2 Nd4 27. Re3 Rb6 28. Nf3 Nxf3+ 29. Qxf3 Bb7 30. Bg2 Qc7 31. Qd1 a5 32. Rd2 Ba6 33. Red3 Rd8 34. a4 h6 35. Kf2 Qe7 36. e5 d5 37. cxd5 Bxd3 38. d6 Rbxd6 39. exd6 Qxd6 40. Kg1 Qd4+ 41. Kh1 Qe3 42. Ra2 Rb8 43. Ra1 Be4 44. Ra3 c4 45. Bxe4 Qxe4+ 46. Kg1 Qe3+ 47. Kf1 cxb3 48. Ra1 Rc8 49. Rb1 Rc2 50. Qd8+ Kh7 0-1

[Event "Wch U14"]
[Site "Porto Carras"]
[Date "2018.10.21"]
[Round "2"]
[White "Sanger, Jake M"]
[Black "Cohen Revivo, Shoham"]
[Result "1-0"]
[WhiteElo "1880"]
[BlackElo "2289"]
[PlyCount "103"]
[EventDate "2018.10.20"]
[EventType "swiss"]
[EventRounds "11"]
[EventCountry "GRE"]
[SourceTitle "CBM 187 Extra"]
[Source "ChessBase"]
[SourceDate "2018.11.04"]
[SourceVersion "1"]
[SourceVersionDate "2018.11.04"]
[SourceQuality "1"]

1. d4 d5 2. Bf4 Nf6 3. e3 c5 4. Nc3 a6 5. dxc5 e6 6. Na4 Bxc5 7. Nxc5 Qa5+ 8. c3 Qxc5 9. Nf3 Nc6 10. Bd3 h6 11. Ne5 Qe7 12. 0-0 0-0 13. Bc2 Nd7 14. Qd3 f5 15. Ng6 Qf6 16. Nxf8 Nxf8 17. Bg3 Bd7 18. Bb3 Ng6 19. c4 d4 20. f4 Rd8 21. Rad1 Be8 22. e4 fxe4 23. Qxe4 Nge7 24. c5 Bf7 25. Rfe1 Nd5 26. Bxd5 Rxd5 27. Bf2 Bh5 28. Rd2 Bg4 29. h3 Bf5 30. Qf3 Rxc5 31. Red1 Rd5 32. g4 Bh7 33. f5 Rd8 34. Qb3 Rd6 35. Bg3 Rd5 36. fxe6 Be4 37. Re1 Qxe6 38. Rde2 Kh7 39. Rxe4 Qd7 40. Qd3 Nb4 41. Qb1 d3 42. Rxb4 Qc6 43. Rbe4 Qc5+ 44. Bf2 Qd6 45. Qd1 d2 46. R1e2 h5 47. Re6 Qb4 48. Qc2+ Kg8 49. Re8+ Kf7 50. R2e7+ Qxe7 51. Rxe7+ Kxe7 52. Qd1 1-0

[Event "Jerusalem Japhet Memorial op 4th"]
[Site "Jerusalem"]
[Date "2018.07.02"]
[Round "2"]
[White "Cohen Revivo, Shoham"]
[Black "Gorodetzky, David"]
[Result "1/2-1/2"]
[WhiteElo "2248"]
[BlackElo "2460"]
[PlyCount "91"]
[EventDate "2018.07.01"]
[EventType "swiss"]
[EventRounds "7"]
[EventCountry "ISR"]
[SourceTitle "CBM 185 Extra"]
[Source "ChessBase"]
[SourceDate "2018.07.29"]
[SourceVersion "1"]
[SourceVersionDate "2018.07.29"]
[SourceQuality "1"]

1. e4 e6 2. d4 d5 3. e5 c5 4. c3 Nc6 5. Nf3 Bd7 6. Be2 Nge7 7. Na3 cxd4 8. cxd4 Nf5 9. Nc2 Qb6 10. 0-0 Na5 11. b3 Bb5 12. Bb2 Nc6 13. Ne3 Nxe3 14. fxe3 Be7 15. Ne1 0-0 16. Nd3 a5 17. Nf4 a4 18. Nh5 axb3 19. Qxb3 Nb4 20. Bxb5 Qxb5 21. Bc3 Qd3 22. Bxb4 Qxb3 23. axb3 Bxb4 24. Nf4 Bc3 25. Rxa8 Rxa8 26. Nd3 b5 27. Kf2 h5 28. Rc1 b4 29. Rc2 Ra1 30. Nc5 Rb1 31. Ra2 g5 32. Rc2 g4 33. Na4 Rxb3 34. Nxc3 bxc3 35. Ke2 h4 36. Kd3 Rb1 37. Rf2 Rg1 38. Kxc3 Kg7 39. Kd3 g3 40. hxg3 hxg3 41. Re2 Ra1 42. Rd2 Kg6 43. Ke2 Kg5 44. Rd1 Rxd1 45. Kxd1 Kf5 46. Kd2 1/2-1/2